000 00936cab a2200265 4500
001 ABS37291
008 090401t1987 xxu||||| |||| 00| 0 eng d
035 _a(Sirsi) u3552
041 _aeng
100 _aHuntley, C.
245 _aAsbestos danger!
260 _c1987
350 _a0
490 _aBuilding
_v252 (7480) 23 January 1987, 48-49 (2)
520 _aA brief article pointing out the dangers of asbestos . Describes the reasons for its popularity over the years, and the secondary effects which are health hazards. Concludes with a look at the new regulations on asbestos removal , which the Health and Safety Executive are expected to produce later this year.
650 _aAMOSITE
650 _aBLUE ASBESTOS
650 _aBROWN ASBESTOS
650 _aCHRYSOTILE
650 _aCROCIDOLITE
650 _aWHITE ASBESTOS
690 _aBUILT ENVIRONMENT-BUILDING STANDARDS
942 _n0
948 _c04/03/1997
999 _c2186
_d2186